000 03112cam a22011774i 4500
003 PE-LiUPU
005 20250813185455.0
008 150623s r 000 0 d
035 _a(Sirsi) a27767
040 _aPE-LiUPU
_bspa
_cPE-LiUPU
_erda
082 0 4 _a376.5
_bA33
_221
100 1 _aAlaby, José A.,
_eautor.
245 1 0 _aMeans and ends of the Andrews University Leadership program: a study of its critical components. and outcomes as they relate to the mission statement /
_cJosé A. Alaby.
264 1 _aMichigan :
_b[s/e],
_c2002.
300 _a263 p. :
_bdiagrámas, gráficos ;
_c23 cm.
336 _atext
_2rdacontent
337 _aunmediated
_2rdamedia
338 _avolume
_2rdacarrier
500 _aEn la cubierta: The en or ends of educaction?.
504 _aIncluye bibliografía.
505 0 _aIntroducción. Signs of tension between means and ends in higher education. The leadership program of andrews University. Methods. Means, outcomes, and the mission of the leadership program. Summary, conclusions, and recommendations.
526 _aP202
526 _aP201
526 _aP163
526 _aP162
526 _aP161
526 _aP160
526 _aP148
526 _aP147
526 _aP146
526 _aP145
526 _aP144
526 _aP143
526 _aP142
526 _aP141
526 _aP140
526 _aP139
526 _aP138
526 _aP137
526 _aP136
526 _aP135
526 _aP134
526 _aP133
526 _aP129
526 _aP128
526 _aP127
526 _aP120
526 _aP119
526 _aP118
526 _aP116
526 _aP115
526 _aP114
526 _aP110
526 _aP109
526 _aP108
526 _aP104
526 _aP103
526 _aP102
526 _aP99
526 _aP98
526 _aP97
526 _aP96
526 _aP95
526 _aP93
526 _aP90
526 _aP89
526 _aP88
526 _aP83
526 _aP82
526 _aP62
526 _aP59
526 _aP58
526 _aP57
526 _aP51
526 _aP49
526 _aP48
526 _aP47
526 _aP29
526 _aP24
526 _aP20
526 _aP19
526 _aP17
526 _aP15
526 _aP14
526 _aP12
526 _aP10
526 _aP09
526 _aP08
526 _aP07
526 _aP06
526 _aP05
526 _aP04
526 _aP01
610 2 _aAndrews University. Escuela de Educación. Programa de liderazgo (California).
650 0 4 _aEducación superior cristiana
_zEstados Unidos.
942 _2ddc
_cBOOK
949 _a376.5 A33
_wDEWEY
_c1
_i53141
_lCCODEBUL1
_mBUL
_p13.00
_r0
_sY
_tBOOK
_u2015-06-24
_xTEOLOGIA
_PP35
_0COMPRA
_o.STAFF. Colección General
596 _a1
999 _a376.5 A33
_wDEWEY
_c34941
_i53141
_f2021-11-8
_g5
_lCCODEBUL1
_mBUL
_p13.00
_r0
_sY
_tBOOK
_u2015-6-24
_xEDUCACION
_PP35
_0COMPRA
_o.STAFF. Colección General
_d34941
980 _81
_gALBERTO SANCHEZ Responsable de Automatización